000
00298nam a22001337a 4500
008
170505b xxu||||| |||| 00| 0 eng d
020
_a
9781568027890
041
_a
eng
080
_a
34
100
_a
15
101
_a
SHJ
245
_a
GOVERNING STATES & LO9CALTIES
_c
SMITH, K.B
942
_2
udc
_c
BK
999
_c
12763
_d
12763